Hamlin Garland /

Bibliographic Details
Main Author: McCullough, Joseph B.
Format: Book
Language:English
Published: Boston : Twayne Publishers, [1978]
Series:Twayne's United States authors series ; TUSAS 299.
Subjects:

MARC

Tag First Indicator Second Indicator Subfields
LEADER 00000cam a22000008i 4500
001 in00000377213
005 20151011084350.0
008 770916s1978 mau b 00110 eng
010 |a  77015002  
020 |a 0805772030 
035 |a (OCoLC)03327600 
035 |9 ABQ3554AM 
040 |a DLC  |c DLC  |d TXA  |d UtOrBLW 
049 |a TXAM  |c [1537577] 
050 0 0 |a PS1733  |b .M27 
082 0 |a 813/.5/2  |a B 
100 1 |a McCullough, Joseph B. 
245 1 0 |a Hamlin Garland /  |c Joseph B. McCullough. 
264 1 |a Boston :  |b Twayne Publishers,  |c [1978] 
264 4 |c ©1978 
300 |a 143 pages :  |b portrait ;  |c 21 cm. 
336 |a text  |b txt  |2 rdacontent 
337 |a unmediated  |b n  |2 rdamedia 
338 |a volume  |b nc  |2 rdacarrier 
490 1 |a Twayne's United States authors series : TUSAS 299 
500 |a Includes index. 
504 |a Bibliography: pages 125-140. 
600 1 0 |a Garland, Hamlin,  |d 1860-1940  |x Criticism and interpretation. 
830 0 |a Twayne's United States authors series ;  |v TUSAS 299. 
999 |a MARS 
999 f f |s cccd2198-f4f5-3622-bb74-8858dff5603d  |i 175ce34e-c8c4-364e-adb5-f0dcdb10e416  |t 0 
952 f f |p ric  |a Texas A&M University  |b Rellis Campus  |c Joint Library Facility  |d Remote Storage  |t 0  |e PS1733 .M27  |h Library of Congress classification  |i unmediated -- volume  |m A14804054812 
998 f f |a PS1733 .M27  |t 0  |l Remote Storage